000 00764nam a2200229Ia 4500
003 OSt
005 20220923212437.0
006 a|||||r|||| 00| 0
007 ta
008 220922b |||||||| |||| 00| 0 hin d
024 _a153,008
037 _cTextual
040 _aARTS
_cARTS
_bhin
041 _2hin
_ahin
082 _aO142:3M14:1, 152K6
100 _aलेर्मोन्तोव, म यू
_9162482
245 0 _aहमारे युग का एक नायक, राजेन्द्र यादव अनु
246 _aHamāre yug kā ek nāyaka, rājendra yādav anu0
260 _c1966
942 _hO142:3M14:1, 152K6
_cTEXL
_2CC
999 _c308656
_d308656